|
|
|
|
| LEADER |
00000nam a2200000 a 4500 |
| 001 |
vtls001389515 |
| 003 |
SK-MaSNL |
| 005 |
20260302034554.0 |
| 008 |
240226s1999 xo r slo |
| 015 |
|
|
|a SNBI2000/03-00881
|
| 020 |
|
|
|a 8088994063
|c 206,00 Sk
|
| 035 |
|
|
|a SNK000343777
|
| 035 |
|
|
|a urn:nbn:sk:snk-amlrf4
|
| 035 |
|
|
|a urn:nbn:sk:snk-am00ca7i
|
| 035 |
|
|
|a DA9DB5AF-EF5A-4372-94B2-47F3945C6F86
|
| 040 |
|
|
|a SNK
|b slo
|c SNK
|e AACR2
|
| 041 |
0 |
|
|a slo
|
| 044 |
|
|
|a xo
|c SK
|
| 080 |
|
|
|a 025.49:608.1:347.77(083.13)
|2 1981
|
| 080 |
|
|
|a 608.1
|2 1981
|
| 080 |
|
|
|a 347.77
|2 1981
|
| 110 |
0 |
|
|a Slovensko.
|b Úrad priemyselného vlastníctva
|4 aut
|9 32446
|
| 245 |
1 |
|
|a Medzinárodné patentové triedenie
|p Návod
|c preložil: Úrad priemyselného vlastníctva Slovenskej republiky
|
| 260 |
|
|
|a Banská Bystrica
|b Úrad priemyselného vlastníctva Slovenskej republiky
|c 1999
|
| 300 |
|
|
|a 55 s.
|c 29 cm
|
| 500 |
|
|
|a 7. vyd. orig. s účnnosťou od 1. januára 2000
|
| 500 |
|
|
|a 100 výt.
|
| 650 |
0 |
7 |
|a triedenie patentové medzinárodné
|x návody
|x pokyny
|2 SNK
|9 686335
|
| 650 |
0 |
7 |
|a medzinárodné dohody
|2 SNK
|9 29408
|
| 919 |
|
|
|a 80-88994-06-3
|
| 958 |
|
|
|a TL
|
| 999 |
|
|
|c 1066913
|d 1068843
|
| 952 |
|
|
|t P60, <03>, [BOOK], {603}
|a SNK
|b SNK
|y PREZ
|7 0
|p 17A0239356
|o snkSB 61771
|i snkKSP 5526/2000
|0 0
|1 0
|4 0
|d 2000-05-29
|f 1
|l 0
|r 2025-04-10 00:00:00
|w 2026-02-24
|
| 952 |
|
|
|t P60, <04>, [BOOK], {604}
|a SNK
|b SNK
|y VYP
|7 0
|p 17A0239357
|o snkSB 61771 D1
|i snkKSP 5527/2000
|0 0
|1 0
|4 0
|d 2000-05-29
|l 0
|r 2005-01-02 00:00:00
|w 2026-02-24
|